YouTube Records - Statistics

General Stats
  • This quiz has been taken 836 times
    827 since last reset
  • The average score is 6 of 14
Answer Stats
Question Answer % Correct
Most subscribed Individual Pewdiepie
82%
#2 Most viewed video Despacito
70%
Most Liked Video Despacito
70%
Most Subscribed Channel T-Series
69%
Most viewed video Baby Shark
52%
Longest at #1 Most viewed Gangnam Style
51%
Most Disliked Video YouTube Rewind 2018
45%
First Video Me at the zoo
39%
Most Liked Comment Seth Everman - I’m the bald guy
22%
Most views in 24 Hours Butter - BTS
20%
Most Subscribed Artist BLACKPINK
12%
Most Viewed English Video Shape of You
11%
Fastest to 1 Billion Views Hello
10%
Most Subscribers Gained in 1 week tomiii 11
3%
No matching quizzes found
Score Distribution
Percent of People with Each Score
Percentile by Number Answered
Your Score History
You have not taken this quiz since the last reset